00470nam a22001697i 45000010005000000030004000050050017000090070003000260080041000290240014000700400008000841000018000922450056001102600058001663000011002245000065002358495OSt20170126082411.0tu161220s1971 xxu||||| |||| 00| 0 d7 a84952RID cOSt1 aGuzek, Marian00aMiedzynarodowa integracja gospodarcza w socjalizmie aWarszawa :bPanstwowe Wydawnictwo Ekonomiczne,c1971. a238 S.00aDie internationale Integration der Wirtschaft im Sozialismus